00185nam a22000737a 4500082001500000245006600015260002200081300000800103 a658.84 COC aCocoa Products,Facts and Figures on the World's Major Markets aGenevabITCc1975 a375